| 000 | 00678nam a22001817a 4500 | ||
|---|---|---|---|
| 003 | SEACOMEC | ||
| 005 | 20250412125527.0 | ||
| 008 | 240422b |||||||| |||| 00| 0 eng d | ||
| 020 |
_a 9788192107592 _cRs.650.00 |
||
| 040 | _aSEACOMEC | ||
| 082 |
_a005.133 _bK18 |
||
| 100 | _aKarumanchi, Narasimha | ||
| 245 |
_aData structures and algorithmic thinking with python _bdata structure and algorithmic puzzles / _cNarasimha Karumanchi |
||
| 260 |
_aHyderabad : _b Careermonk Publications , _c ©2015. |
||
| 300 |
_a469 p. : ill.; _c28 cm |
||
| 650 |
_aComputer science _v Python (Computer program language) _x Computer algorithms- Computer programming Data structures |
||
| 942 | _cBOOK | ||
| 999 |
_c917 _d917 |
||